El Marco jurídico electoral en Nicaragua: 1812 - 1990 /

Guardat en:
Dades bibliogràfiques
Autor principal: Esgueva Gómez, Antonio
Format: Text
Matèries:
Etiquetes: Afegir etiqueta
Sense etiquetes, Sigues el primer a etiquetar aquest registre!

MARC

LEADER 00000 a a2200000 04500
001 15683
003
040
100 |a Esgueva Gómez, Antonio  
245 |a El Marco jurídico electoral en Nicaragua: 1812 - 1990 /  |c Antonio Esgueva Gómez 
650 |a SISTEMAS ELECTORALES  
650 |a LEGISLACION  
650 |a CIUDADANIA  
773 |g número 7; páginas 6-25  
999 |c 21273  |d 21273